Kontrola podáva samosprávam ruku
Zistenia Najvyššieho kontrolného úradu SR (NKÚ SR) z kontrol vykonaných v samospráve v roku 2006. Bolo vykonaných 19 kontrolných akcií u 43 subjektov. Rozpočty a hospodárenie s finančnými prostriedkami v popredí kontrol. Register chýb a nedostatkov. V rámci mimoriadnych kontrol NKÚ SR zistil nedodrž...
Gespeichert in:
| 1. Verfasser: | |
|---|---|
| Format: | Buchkapitel |
| Sprache: | Slowakisch |
| Schlagworte: | |
| Tags: |
Keine Tags, Fügen Sie das erste Tag hinzu!
|
MARC
| LEADER | 00000naa$a2200000$$$4500 | ||
|---|---|---|---|
| 001 | 0058494 | ||
| 005 | 20231016085331.2 | ||
| 041 | 0 | |a slo | |
| 044 | |a SK | ||
| 245 | 1 | 0 | |a Kontrola podáva samosprávam ruku |c Peter Tábory |
| 520 | |a Zistenia Najvyššieho kontrolného úradu SR (NKÚ SR) z kontrol vykonaných v samospráve v roku 2006. Bolo vykonaných 19 kontrolných akcií u 43 subjektov. Rozpočty a hospodárenie s finančnými prostriedkami v popredí kontrol. Register chýb a nedostatkov. V rámci mimoriadnych kontrol NKÚ SR zistil nedodržanie stanoveného účelu použitia poskytnutých finančných prostriedkov... Pracovné stretnutia kontrolórov. | ||
| 610 | 2 | 0 | |a kontrola |
| 610 | 2 | 0 | |a kontrolóri |
| 610 | 2 | 0 | |a samospráva |
| 610 | 2 | 0 | |a mestá |
| 610 | 2 | 0 | |a obce |
| 610 | 2 | 0 | |a hospodárenie finančné |
| 610 | 2 | 0 | |a prostriedky peňažné |
| 610 | 2 | 0 | |a 2006 |
| 100 | 1 | |a Tábory, Peter | |